| 000 | 00723nam a2200253Ia 4500 | ||
|---|---|---|---|
| 003 | OSt | ||
| 005 | 20220918230520.0 | ||
| 006 | a|||||r|||| 00| 0 | ||
| 007 | ta | ||
| 008 | 220917b |||||||| |||| 00| 0 eng d | ||
| 024 | _a254,930 | ||
| 037 | _cTextual | ||
| 040 |
_aARTS _cARTS _beng |
||
| 041 |
_2eng _aeng |
||
| 082 | _aSigma: P61:4k, K8;K9 | ||
| 100 |
_aBrain James _9152751 |
||
| 111 |
_aProgram of Eastern African Studies _9152752 |
||
| 245 | 0 | _aSocial Science vocabulary of Swahili | |
| 260 | _c1969 | ||
| 300 |
_a70p. _ccm. |
||
| 650 |
_aSOCIAL SCIENCES; ENGLISH LANGUAGE - DICTIONARIES _9152753 |
||
| 942 |
_hSigma: P61:4k, K8;K9 _cTEXL _2CC |
||
| 999 |
_c288249 _d288249 |
||